Batik; pola & tjorak. (Record no. 84169)
[ view plain ]
| 000 -LEADER | |
|---|---|
| fixed length control field | 00596cam a22002171 4500 |
| 001 - CONTROL NUMBER | |
| control field | sa 68011877 |
| 003 - CONTROL NUMBER IDENTIFIER | |
| control field | DLC |
| 005 - DATE AND TIME OF LATEST TRANSACTION | |
| control field | 20260227112605.0 |
| 008 - FIXED-LENGTH DATA ELEMENTS--GENERAL INFORMATION | |
| fixed length control field | 890601s1966 io bf 000 0 dut |
| 010 ## - LIBRARY OF CONGRESS CONTROL NUMBER | |
| LC control number | sa 68011877 |
| 035 ## - SYSTEM CONTROL NUMBER | |
| System control number | (OCoLC)23423363 |
| 040 ## - CATALOGING SOURCE | |
| Original cataloging agency | DLC |
| Transcribing agency | MiU |
| Modifying agency | DLC |
| 042 ## - AUTHENTICATION CODE | |
| Authentication code | premarc |
| 050 00 - LIBRARY OF CONGRESS CALL NUMBER | |
| Classification number | NK9503 |
| Item number | .M3 |
| 100 1# - MAIN ENTRY--PERSONAL NAME | |
| Personal name | Marzuki, Jazir. |
| 245 10 - TITLE STATEMENT | |
| Title | Batik; pola & tjorak. |
| Remainder of title | Pattern & motif. |
| 260 ## - PUBLICATION, DISTRIBUTION, ETC. | |
| Place of publication, distribution, etc. | [Djakarta] |
| Name of publisher, distributor, etc. | Djambatan |
| Date of publication, distribution, etc. | [1966] |
| 300 ## - PHYSICAL DESCRIPTION | |
| Extent | 28 p. |
| Other physical details | map (on lining paper), 111 plates (part col.) |
| Dimensions | 31 cm. |
| 650 #0 - SUBJECT ADDED ENTRY--TOPICAL TERM | |
| Topical term or geographic name entry element | Batik |
| 700 1# - ADDED ENTRY--PERSONAL NAME | |
| Personal name | Tirtaamidjaja, Nusjirwan. |
No items available.